[Event "Budapest FS03 FM"]
[Site "Budapest"]
[Date "2023.03.09"]
[Round "8"]
[White "Csiba, Tibor"]
[Black "Jeswin, Jayakumar"]
[Result "0-1"]
[WhiteElo "1552"]
[BlackElo "1512"]
[PlyCount "86"]
[EventDate "2023.03.04"]
[EventType "team-tourn"]
[EventRounds "9"]
[EventCountry "HUN"]
[SourceTitle "CBM 213 Extra"]
[Source "ChessBase"]
[SourceDate "2023.05.31"]
[SourceVersion "1"]
[SourceVersionDate "2023.05.31"]
[SourceQuality "1"]
[WhiteTeam "Team Lower Elo"]
[BlackTeam "Team Higher Elo"]
[WhiteTeamCountry "HUN"]
[BlackTeamCountry "HUN"]

1. d4 d5 2. Bf4 Bf5 3. Nf3 e6 4. e3 Nf6 5. h3 Nbd7 6. Nc3 h6 7. Nb5 e5 8. dxe5 Nh5 9. Bh2 c6 10. Nd6+ Bxd6 11. exd6 Nhf6 12. c4 0-0 13. b4 dxc4 14. Bxc4 Nb6 15. Bd3 Be4 16. 0-0 Nbd5 17. a3 Bxd3 18. Qxd3 Re8 19. Nd2 Qd7 20. e4 Nb6 21. e5 Nfd5 22. f4 f5 23. Nf3 Nc7 24. Nd4 Ne6 25. Nxf5 Nd5 26. Rae1 Rf8 27. Nd4 Nexf4 28. Qb3 Kh8 29. Ne2 Nxe2+ 30. Rxe2 Rxf1+ 31. Kxf1 Rf8+ 32. Rf2 Rxf2+ 33. Kxf2 Qf5+ 34. Qf3 Qc2+ 35. Kg1 Qc1+ 36. Qf1 Qe3+ 37. Kh1 Qg5 38. Qf8+ Kh7 39. d7 Ne3 40. g3 Qg6 41. d8Q Qb1+ 42. Bg1 Qe4+ 43. Kh2 Qg2# 0-1

[Event "Budapest FS03 FM"]
[Site "Budapest"]
[Date "2023.03.07"]
[Round "5"]
[White "Jeswin, Jayakumar"]
[Black "Csiba, Tibor"]
[Result "0-1"]
[WhiteElo "1512"]
[BlackElo "1552"]
[PlyCount "70"]
[EventDate "2023.03.04"]
[EventType "team-tourn"]
[EventRounds "9"]
[EventCountry "HUN"]
[SourceTitle "CBM 213 Extra"]
[Source "ChessBase"]
[SourceDate "2023.05.31"]
[SourceVersion "1"]
[SourceVersionDate "2023.05.31"]
[SourceQuality "1"]
[WhiteTeam "Team Higher Elo"]
[BlackTeam "Team Lower Elo"]
[WhiteTeamCountry "HUN"]
[BlackTeamCountry "HUN"]

1. e4 c6 2. d4 d5 3. exd5 cxd5 4. Bf4 Bf5 5. Nf3 Nf6 6. c4 e6 7. cxd5 Nxd5 8. Be3 Bb4+ 9. Nbd2 0-0 10. Bc4 Nc6 11. 0-0 Na5 12. Bxd5 Qxd5 13. a3 Bd6 14. b4 Nc6 15. Qb3 Ne7 16. Qxd5 Nxd5 17. Rac1 Rac8 18. Nb3 b6 19. Bd2 Bc2 20. Na1 Ba4 21. Ne5 f6 22. Nc4 Bb8 23. Nb2 Bb5 24. Rfe1 e5 25. dxe5 Bxe5 26. Rxc8 Rxc8 27. a4 Bc4 28. Nxc4 Rxc4 29. a5 Bc3 30. Bxc3 Rxc3 31. axb6 axb6 32. Rb1 Nxb4 33. h3 Nd5 34. Kh2 Kf7 35. f3 Ke6 0-1